000 00359 a2200145 4500
001 92542
082 _a620.112 NAS
090 _c44503
_d44504
100 _aNash William A
245 _aSchaum's outline strength of Material, 5e
250 _a5
260 _aNew York
_bMcGraw-Hill
_c2011
300 _aviii, 192 p.
500 _aMS textbooks Aerospace
942 _aNUST-CAE
_k620.112 NAS
999 _c327615
_d327615